Fundamentals of optical fiber communications / (Record no. 186559)
[ view plain ]
| 000 -LEADER | |
|---|---|
| fixed length control field | 01466 a2200229 4500 |
| 003 - CONTROL NUMBER IDENTIFIER | |
| control field | Nust |
| 005 - DATE AND TIME OF LATEST TRANSACTION | |
| control field | 20170207153443.0 |
| 010 ## - LIBRARY OF CONGRESS CONTROL NUMBER | |
| LC control number | 90036827 |
| 020 ## - INTERNATIONAL STANDARD BOOK NUMBER | |
| International Standard Book Number | 0137175132 : |
| 040 ## - CATALOGING SOURCE | |
| Transcribing agency | Nust |
| 082 00 - DEWEY DECIMAL CLASSIFICATION NUMBER | |
| Classification number | 621.38275 |
| 100 1# - MAIN ENTRY--PERSONAL NAME | |
| Personal name | Etten, Wim van. |
| 245 10 - TITLE STATEMENT | |
| Title | Fundamentals of optical fiber communications / |
| Statement of responsibility, etc. | Wim van Etten and Jan van der Plaats. |
| 260 ## - PUBLICATION, DISTRIBUTION, ETC. | |
| Place of publication, distribution, etc. | New York : |
| Name of publisher, distributor, etc. | Prentice Hall, |
| Date of publication, distribution, etc. | 1991. |
| 300 ## - PHYSICAL DESCRIPTION | |
| Extent | xii, 407 p. : |
| Other physical details | ill. ; |
| Dimensions | 24 cm. |
| 440 #0 - SERIES STATEMENT/ADDED ENTRY--TITLE | |
| Title | Prentice Hall international series in optoelectronics |
| 505 ## - FORMATTED CONTENTS NOTE | |
| Formatted contents note | Introduction (Page-1) Analysis of the Slab Waveguide (Page-20) Analysis of the Step Index Fiber (Page-33) Dispersion in the Step index Fiber (Page-60) The Monomode Fiber (Page-78) Propagation of light rays in Multimode Graded Index Fibers (Page-96) Dispersion in Graded index Fibers (Page-121) Light Sources and Detectors (Page-137) Modulation of Semiconductor Light Sources (Page-169) Transfer Characteristic and Impulse Response of Fiber Communication Systems (Page-185) Power Launching and Coupling Efficiency (Page-213) Receiver Principles and Signal to Noise Ratio Analog Receivers (Page-257) Receivers for Digital Optical Fiber Communication Systems (Page-283) System Noise (Page-304) System Components and Aspects of System Design (Page-324) Coherent Optical Fiber Communication (Page-351) |
| 538 ## - SYSTEM DETAILS NOTE | |
| System details note | Almirah No. 15 Shelf No. 3 |
| 650 #0 - SUBJECT ADDED ENTRY--TOPICAL TERM | |
| Topical term or geographic name entry element | Optical communications. |
| 650 #0 - SUBJECT ADDED ENTRY--TOPICAL TERM | |
| Topical term or geographic name entry element | Optical fibers. |
| 700 1# - ADDED ENTRY--PERSONAL NAME | |
| Personal name | Plaats, Jan van der. |
| 942 ## - ADDED ENTRY ELEMENTS (KOHA) | |
| Source of classification or shelving scheme | |
| Koha item type | Book |
| Withdrawn status | Lost status | Source of classification or shelving scheme | Damaged status | Not for loan | Collection code | Permanent Location | Current Location | Date acquired | Total Checkouts | Full call number | Barcode | Date last seen | Price effective from | Koha item type |
|---|---|---|---|---|---|---|---|---|---|---|---|---|---|---|
| Military College of Signals (MCS) | Military College of Signals (MCS) | 12/12/2016 | 621.38275 ETT | MCS2590 | 12/08/2016 | 12/12/2016 | Book | |||||||
| Military College of Signals (MCS) | Military College of Signals (MCS) | 12/12/2016 | 621.38275 ETT | MCS2610 | 12/08/2016 | 12/12/2016 | Book |
